书目信息 |
| 题名: |
人口控制论
|
|
| 作者: | 于景元 , 宋健 著 | |
| 分册: | ||
| 出版信息: | 北京 科学出版社 1985 |
|
| 页数: | 308页 | |
| 开本: | 19cm | |
| 丛书名: | ||
| 单 册: | ||
| 中图分类: | C92 | |
| 科图分类: | ||
| 主题词: | 人口学 | |
| 电子资源: | ||
| ISBN: | ||
| 000 | 00627nam0 2200241 45 | |
| 001 | 0185000655 | |
| 005 | 20060523085227.14 | |
| 010 | @b精装@dCNY3.80 | |
| 091 | @a15031.614 | |
| 100 | @a19900921d1985 kemy0chiy0121 ea | |
| 101 | 0 | @achi |
| 102 | @aCN@b110000 | |
| 105 | @af z 000yy | |
| 200 | 10 | @a人口控制论@Aren kou kong zhi lun@f宋健,于景元著@FSong Jian,Yu Jing Yuan Zhu |
| 210 | @a北京@c科学出版社@d1985 | |
| 215 | @a308页@c图@d19cm | |
| 606 | @a人口学 | |
| 690 | @aC92@v3 | |
| 701 | 0 | @a于景元@4著 |
| 701 | 0 | @a宋健@4著 |
| 801 | 2 | @aCN@bNLC@c20060523 |
| 801 | 0 | @aCN@b深圳图书馆@c20050325 |
| 905 | @dC92@e21 | |
| 人口控制论/宋健,于景元著.-北京:科学出版社,1985 |
| 308页:图;19cm |
| ISBN (精装):CNY3.80 |
| ● |
| 相关链接 |
|
|
|
|
正题名:人口控制论
索取号:C92/21
 
预约/预借
| 序号 | 登录号 | 条形码 | 馆藏地/架位号 | 状态 | 备注 |
| 1 | 0141348 | 002030359 | 密集书库/ [索取号:C92/21] | 在馆 | |
| 2 | 0141349 | 202368669 | 密集书库/ [索取号:C92/21] | 在馆 | |
| 3 | 0141350 | 001030235 | 第一样本阅览室/ [索取号:C92/21] | 在馆 |